| 000 | 00617nam a2200217 a 4500 | ||
|---|---|---|---|
| 005 | 20210219152937.0 | ||
| 008 | 991125n 000 0 u | ||
| 035 | _aUPN01000068099 | ||
| 100 | _aBrown, Laura S | ||
| 222 | _aCOUNSELING PSYCHOLOGIST | ||
| 245 | _aCommentary on the special issue of The Counseling Psychologist | ||
| 300 | _a235-238 | ||
| 362 | _a19, No. 2, 1991 | ||
| 505 | _aMayo 1992 | ||
| 653 | 0 | _aCARACTERISTICAS DEL CLIENTE (SERVICIOS HUMANOS) | |
| 653 | 0 | _aHOMOSEXUALIDAD | |
| 653 | 0 | _aLESBIANISMO | |
| 653 | 0 | _aTECNICAS DE ASESORAMIENTO | |
| 904 |
_aAC _b005910 |
||
| 905 | _aArticulo | ||
| 999 |
_c64344 _d64344 |
||